000 00326nam a2200145Ia 4500
003 OSt
005 20240229100611.0
008 170524s9999 xx 000 0 und d
020 _a978-9392204005
040 _ciimtu meerut
100 _aRajendra
245 0 _aLok Sampark
260 _bCHANDIGAUR HARIYANANA
942 _2ddc
_c02
999 _c8953
_d8953